Unscramble the countries - Statistics

General Stats
  • This quiz has been taken 79 times
  • The average score is 9 of 10
Answer Stats
Hint Answer % Correct
Htiai Haiti
99%
Purycs Cyprus
94%
Eaccromtid lrepbiuc fo the ngcoo Democratic republic of the congo
93%
Le roalsdva El salvador
91%
Losa Laos
91%
Satabnwo Botswana
84%
Socta raic Costa rica
82%
Qmaebmuzio Mozambique
82%
Ddntiari and ogatob Trinidad and tobago
82%
Taugnai nad bbrauad Antigua and barbuda
65%
No matching quizzes found
Score Distribution
Percent of People with Each Score
Percentile by Number Answered
Your Score History
You have not taken this quiz